Obras de la Gloriosa Madre Santa Teresa de Jesus, fundadora de la Reforma de la Orden de Nuestra Señora del Carmen, de la Primitiva Observancia. Dedicadas à la Magestad Catolica de la Reyna Nuestra Señora, Doña Maria-Ana de Austria, &c (Registro nro. 18318)

000 -CABECERA
Campo de control de longitud fija 01414nam a22002297a 4500
001 - NÚMERO DE CONTROL
Campo de control BH33304
003 - IDENTIFICADOR DEL NÚMERO DE CONTROL
Campo de control ES-SlBCS
005 - FECHA Y HORA DE LA ÚLTIMA TRANSACCIÓN
Campo de control 20260422094218.0
008 - CÓDIGOS DE INFORMACIÓN DE LONGITUD FIJA
Campo de control de longitud fija 220426s1675 be |||||||spa c
040 ## - FUENTE DE LA CATALOGACIÓN
Centro catalogador del origen ES-SIBCS
Lengua de catalogación spa
041 ## - CÓDIGO DE LENGUA
Código de lengua del texto/banda sonora o título independiente spa
100 0# - PUNTO DE ACCESO PRINCIPAL-NOMBRE DE PERSONA
Nombre de persona Teresa de Jesús,
Títulos y otros términos asociados al nombre Santa
Fechas asociadas al nombre (1515-1582)
9 (RLIN) 2293
245 10 - MENCIÓN DE TÍTULO
Título Obras de la Gloriosa Madre Santa Teresa de Jesus, fundadora de la Reforma de la Orden de Nuestra Señora del Carmen, de la Primitiva Observancia. Dedicadas à la Magestad Catolica de la Reyna Nuestra Señora, Doña Maria-Ana de Austria, &c
260 ## - PUBLICACIÓN, DISTRIBUCIÓN, ETC... (PIE DE IMPRENTA)
Lugar de publicación, distribución, etc. En Brusselas :
Nombre del editor, distribuidor, etc. por Francisco Foppens, Impressor y Mercader de Libros,
Fecha de publicación, distribución, etc. 1675
300 ## - DESCRIPCIÓN FÍSICA
Extensión [28], 612, [28] p. ;
Otras características físicas Fol.;
505 2# - NOTA DE CONTENIDO CON FORMATO
Nota de contenido con formato La vida de ... Teresa de Jesus ... escrita por ella misma ... , 196 p. ; Libro llamado del camino de perfeccion ... , 102 p. con antep. ; Castillo interior o Las moradas ... , 108 p. con antep. ; Exclamaciones o meditaciones del alma a su Dios, 13 p. ; Libro de las fundaciones, 139 p. ; Modo de visitar los conventos de las religiosas, 14 p. ; Conceptos del amor de Dios, 26 p. ; Unos versos de la santa ... 3 p. ; Siete meditaciones sobre el Pater Noster, 13 p.
561 ## - NOTA DE PROCEDENCIA
Procedencia Convento Caldas de Besaya
650 04 - PUNTO DE ACCESO ADICIONAL DE MATERIA-TÉRMINO DE MATERIA
Término de materia o nombre geográfico como elemento inicial Misticismo-
Subdivisión de materia general Mística carmelitana
Subdivisión cronológica Obras anteriores a 1800
9 (RLIN) 26442
700 1# - PUNTO DE ACCESO ADICIONAL-NOMBRE DE PERSONA
Nombre de persona Foppens, Francisco,
Término indicativo de función imp.
Títulos y otros términos asociados al nombre (Bruselas)
9 (RLIN) 26443
752 ## - PUNTO DE ACCESO ADICIONAL-NOMBRE JERÁRQUICO DE LUGAR
País o entidad superior Belgica -
Ciudad Bruselas
942 ## - ENTRADA DE ELEMENTOS AGREGADOS (KOHA)
Fuente de clasificaión o esquema
Koha [por defecto] tipo de item Libro Antiguo
Existencias
Suprimido Perdido Fuente de clasificación o esquema Estropeado No para préstamo Localización permanente Localización actual Fecha adquisición Préstamos totales Signatura completa Número de Registro / Código de Barras Fecha última consulta Fecha del precio de reemplazo Tipo de item de Koha
          Biblioteca Histórica Biblioteca Histórica 22/04/2026   S.XVII- BH33304 22/04/2026 22/04/2026 Libro Antiguo

Bibliotecas Dominicos Provincia Hispania, 2016

Con tecnología Koha